Sequels- Sudden Death - Statistics

General Stats
  • This quiz has been taken 235 times
    29 since last reset
  • The average score is 12 of 27
Answers on the Grid
Answers color-coded by a green-red scale on the quiz's grid according to % correct below.
Star Wars
Iron Man
Forrest Gump
The Incredibles
Raiders of the Lost Ark
Top Gun
E.T. the Extraterrestrial
Superman
Happy Gilmore
The Matrix
Titanic
Avatar
Cinderella
Spiderman: Homecoming
The Shawshank Redemption
Toy Story
The Godfather
Mary Poppins
Saving Private Ryan
Ocean's 11
Jumanji
The Sound of Music
Snow White and the 7 Dwarves
Dune
The Little Mermaid
Beverly Hills Cop
Back to the Future
Frozen
The Dark Knight
WALL-E
The Avengers
The Greatest Showman
2001: A Space Odyssey
Singing in the Rain
Oppenheimer
Despicable Me
The Fast & The Furious
Thor
The Secret Life of Pets
Big Hero 6
 
Answer Stats
Answer % Correct
Back to the Future
64%
Ocean's 11
64%
Raiders of the Lost Ark
64%
Despicable Me
57%
The Fast & The Furious
57%
The Godfather
57%
The Incredibles
57%
The Matrix
57%
Top Gun
57%
Avatar
50%
Dune
50%
Iron Man
50%
Spiderman: Homecoming
50%
Star Wars
50%
Superman
50%
The Dark Knight
50%
Thor
43%
Toy Story
43%
Beverly Hills Cop
36%
Frozen
36%
Jumanji
36%
The Avengers
36%
The Secret Life of Pets
36%
Mary Poppins
29%
2001: A Space Odyssey
14%
Cinderella
7%
The Little Mermaid
7%
No matching quizzes found
Score Distribution
Percent of People with Each Score
Percentile by Number Answered
Your Score History
You have not taken this quiz since the last reset